Fareham BC V Hitchcock Management Services (Guernsey) Ltd (Record no. 54044)
[ view plain ]
| 000 -LEADER | |
|---|---|
| fixed length control field | 01260cab a2200229 4500 |
| 001 - CONTROL NUMBER | |
| control field | X91435 |
| 008 - FIXED-LENGTH DATA ELEMENTS--GENERAL INFORMATION | |
| fixed length control field | 090401t1998 xxu||||| |||| 00| 0 eng d |
| 035 ## - SYSTEM CONTROL NUMBER | |
| System control number | (Sirsi) u85913 |
| 041 ## - LANGUAGE CODE | |
| Language code of text/sound track or separate title | eng |
| 245 ## - TITLE STATEMENT | |
| Title | Fareham BC V Hitchcock Management Services (Guernsey) Ltd |
| 260 ## - PUBLICATION, DISTRIBUTION, ETC. | |
| Date of publication, distribution, etc. | 1998 |
| 350 ## - PRICE (NR) (BK AM CF MU VM SE) [OBSOLETE] | |
| Price | 0 |
| 490 ## - SERIES STATEMENT | |
| Series statement | Planning Appeal Decisions |
| Volume/sequential designation | April 1998,13 PAD 164-169(6) |
| 520 ## - SUMMARY, ETC. | |
| Summary, etc. | Outline application - erection of building for business use - former primary school converted to offices - now 1,888sq. m - further 450sq m. Tree Preservation Order - access - parking on site or on highway - highway safety - countryside policies - structure and local plans - local plan review - capacity of car park - edge of urban and countryside areas - Existing Employment Area - Whether prejudice to local plan process - PPG1 - emerging local plan of little weight - no substantil traffic objections - conditions. Costs - Council giving undue weight to emerging local plan - no costs where planning issues finely balanced. HEADNOTE. |
| 650 ## - SUBJECT ADDED ENTRY--TOPICAL TERM | |
| Topical term or geographic name entry element | BUSINESS USES |
| 650 ## - SUBJECT ADDED ENTRY--TOPICAL TERM | |
| Topical term or geographic name entry element | COSTS |
| 650 ## - SUBJECT ADDED ENTRY--TOPICAL TERM | |
| Topical term or geographic name entry element | FAREHAM BC V HITCHCOCK MANAGEMENT SERVICES (GUERNSEY) LTD |
| 650 ## - SUBJECT ADDED ENTRY--TOPICAL TERM | |
| Topical term or geographic name entry element | PPG1 |
| 690 ## - LOCAL SUBJECT ADDED ENTRY--TOPICAL TERM (OCLC, RLIN) | |
| Topical term or geographic name as entry element | PLANNING LAW AND PRACTICE-CASE LAW |
| 942 ## - ADDED ENTRY ELEMENTS (KOHA) | |
| Suppress in OPAC | 0 |
| 948 ## - LOCAL PROCESSING INFORMATION (OCLC); SERIES PART DESIGNATOR (RLIN) | |
| c (OCLC) | 30/04/1998 |
| Withdrawn status | Lost status | Source of classification or shelving scheme | Damaged status | Not for loan | Home library | Current library | Shelving location | Date acquired | Total Checkouts | Full call number | Barcode | Date last seen | Copy number | Price effective from | Koha item type |
|---|---|---|---|---|---|---|---|---|---|---|---|---|---|---|---|
| Dewey Decimal Classification | London | London | Journal article | 14/09/1999 | X91435 | 85913-1001 | 06/08/2019 | 1 | 06/08/2019 | Law report |